Business Laws/ (Record no. 187441)

MARC details
000 -LEADER
fixed length control field 00578nam a22001937a 4500
005 - DATE AND TIME OF LATEST TRANSACTION
control field 20220419163427.0
010 ## - LCCN (DPL NO)
LC control number ENG-132325
020 ## - INTERNATIONAL STANDARD BOOK NUMBER
International Standard Book Number 9789352833566
Terms of availability 475.00
035 ## - SYSTEM CONTROL NUMBER
System control number EN-115857
037 ## - SOURCE OF ACQUISITION
Source of stock number/acquisition DBAD/PUB
082 ## - DEWEY DECIMAL CLASSIFICATION NUMBER
Classification number 346.07
100 ## - MAIN ENTRY--PERSONAL NAME
Personal name Gonga, P P S
245 ## - TITLE STATEMENT
Title Business Laws/
Statement of responsibility, etc P P S Gogna
250 ## - EDITION STATEMENT
Edition statement Sixth Edition
260 ## - PUBLICATION, DISTRIBUTION, ETC. (IMPRINT)
Place of publication, distribution, etc New Delhi
Name of publisher, distributor, etc S Chand And Company Limited
Date of publication, distribution, etc 2007
270 ## - ADDRESS
Address 7361, Ram Nagar, Qutab Road
City New Delhi
Postal code 110055
Electronic mail address info@schandpublishing.com
300 ## - PHYSICAL DESCRIPTION
Extent xxviii, 665p.
Dimensions 24cm(pbk)
942 ## - ADDED ENTRY ELEMENTS (KOHA)
Source of classification or shelving scheme Dewey Decimal Classification
Item type English Books
Classification part 346.07
Call number suffix GOG
Holdings
Withdrawn status Lost status Not for loan Collection code Home library Current library Date acquired Source of acquisition Cost, normal purchase price Full call number Barcode Copy number Cost, replacement price Koha item type
      Non-fiction Central Library Central Library 19/04/2022 DBAD/PUB 475.00 346.07 GOG EN-115857 1 475.00 English Books

© Delhi Public Library
Hit Counter
free hit counter